Statistiche per Specializzazioni mediche

Clicka qui per fare il quiz!

Statistiche generali

  • Questo quiz è stato fatto 2.717 volte
  • Il punteggio medio è 12 su 18

Statistiche sulle risposte

AmbitoSpecializzazione% Corretto
Bambini{Pedi}atria
98%
Cuore{Cardio}logia
92%
Disordini mentali{Psich}iatria
88%
Pelle{Derma}tologia
86%
Sistema riproduttivo
femminile
{Gineco}logia
86%
Gravidanza / Nascita{Oste}tricia
82%
Cancro{Onco}logia
72%
Sistema nervoso{Neuro}logia
68%
Denti{Odonto}iatria
68%
Muscoli e ossa{Orto}pedia
68%
Sangue{Ema}tologia
67%
Piedi{Podo}logia
65%
Anziani{Geri}atria
62%
Immagini mediche{Radio}logia
61%
Polmoni{Pneumo}logia
58%
Malattie{Pato}logia
33%
Occhi{Oftalmo}logia
30%
Articolazioni{Reuma}tologia
22%

Distribuzione punteggi

Percentile per numero di risposta

Percentuale di utenti per punteggio

I tuoi punteggi nel tempo

Non hai fatto questo quiz